Statistics for Continents to Countries quiz #2

Click here to take the quiz!

General Stats

  • This quiz has been taken 39 times
  • The average score is 5 of 5

Answer Stats

HintAnswer% Correct
North AmericaGuatemala
100%
AsiaIraq
100%
EuropeSpain
100%
South AmericaArgentina
97%
AfricaZimbabwe
94%

Score Distribution

Percentile by Number Answered

Percent of People with Each Score

Your Score History

You have not taken this quiz